000 00517nam a2200217Ia 4500
003 OSt
005 20220923230855.0
006 a|||||r|||| 00| 0
007 ta
008 Pun
024 _a306,202
037 _cTextual
040 _aARTS
_cARTS
_bPun
041 _2Pun
_aPun
082 _aQ:W, 153H6
100 _aਲਾਲ ਸਿੰਘ
245 0 _aਰਾਜ ਨੀਤੀ ਪ੍ਰਕਾF
260 _c1946
942 _hQ:W, 153H6
_cTEXL
_2CC
999 _c387989
_d387989